[Event "Quebec op"]
[Site "Montreal"]
[Date "1990.08.04"]
[Round "1"]
[White "Barbeau, Sylvain"]
[Black "Takahashi, Nozumo"]
[Result "1-0"]
[WhiteElo "2384"]
[BlackElo "1961"]
[PlyCount "57"]
[EventDate "1990.08.04"]
[EventType "swiss"]
[EventRounds "8"]
[EventCountry "CAN"]
[SourceTitle "EXT 2022"]
[Source "ChessBase"]
[SourceDate "2021.10.06"]
[SourceVersion "1"]
[SourceVersionDate "2021.10.06"]
[SourceQuality "1"]

1. d4 Nf6 2. Bg5 e6 3. e4 Be7 4. Nd2 d5 5. e5 Nfd7 6. Bxe7 Qxe7 7. c3 c5 8. Ndf3 cxd4 9. cxd4 Qb4+ 10. Qd2 Nc6 11. Bd3 f6 12. exf6 Nxf6 13. Ne2 Bd7 14. Nc3 0-0 15. 0-0 Nh5 16. a3 Qd6 17. Rae1 Rf6 18. Nb5 Qf4 19. Qe3 a6 20. Nc3 Raf8 21. Ne2 Qd6 22. Ne5 Bc8 23. f4 g5 24. fxg5 Rxf1+ 25. Rxf1 Rxf1+ 26. Kxf1 b5 27. Qf3 Ng7 28. Qf7+ Kh8 29. Nxc6 1-0

[Event "Quebec op"]
[Site "Montreal"]
[Date "1986.08.07"]
[Round "5"]
[White "Bolduc, Steve"]
[Black "Takahashi, Nozumo"]
[Result "1-0"]
[WhiteElo "2322"]
[BlackElo "1955"]
[PlyCount "73"]
[EventDate "1986.08.03"]
[EventType "swiss"]
[EventRounds "8"]
[EventCountry "CAN"]
[SourceTitle "EXT 2022"]
[Source "ChessBase"]
[SourceDate "2021.10.06"]
[SourceVersion "1"]
[SourceVersionDate "2021.10.06"]
[SourceQuality "1"]

1. d4 Nf6 2. c4 c5 3. d5 e6 4. Nc3 exd5 5. cxd5 d6 6. Nf3 g6 7. Bg5 h6 8. Bh4 g5 9. Bg3 Nh5 10. e3 Nxg3 11. hxg3 Bg7 12. Qc2 a6 13. a4 Nd7 14. Bd3 Rb8 15. a5 b5 16. axb6 Qxb6 17. Ra2 Qb4 18. Ke2 c4 19. Be4 Nc5 20. Nd4 Bxd4 21. exd4 Nb3 22. Rd1 Qb6 23. Kf1 Nxd4 24. Qd2 Nb3 25. Qe2 0-0 26. g4 a5 27. g3 Ba6 28. Kg2 Kg7 29. Bb1 Bc8 30. f4 f5 31. fxg5 Rb7 32. gxh6+ Kxh6 33. gxf5 Bxf5 34. Rh1+ Kg5 35. Qh5+ Kf6 36. Qxf5+ Ke7 37. Re1+ 1-0